Suomen 2000-luku -visa - Statistics

Yleistilastot
  • Tätä visaa on pelattu 1 502 kertaa
  • Keskiarvotulos 11 / 16
Vastaustilastot
Vuosi Vihje Vastaus % Oikein
2023 Suomesta tulee tämän sotilasliiton jäsen Nato
99%
2020 Ensimmäinen tartunta tästä viruksesta todetaan Suomessa vuoden alussa Koronavirus
98%
2002 Tämä rahayksikkö korvaa markan Euro
93%
2000 Tästä henkilöstä tulee Suomen ensimmäinen naispresidentti Tarja Halonen
93%
2006 Suomi voittaa ensimmäistä kertaa Euroviisut tämän yhtyeen ansioista Lordi
92%
2021 Suomen miesten maajoukkue pelaa ensimmäistä kertaa tämän lajin arvokilpailuissa (olympialaisia lukuun ottamatta) Jalkapallo
85%
2008 Tälle diplomaatille myönnetään Nobelin rauhanpalkinto Martti Ahtisaari
83%
2001 Suuri dopingskandaali paljastuu hiihdon MM-kisoissa, jotka järjestetään tässä kaupungissa Lahti
78%
2019 Tämän kaupungin kaksi yliopistoa yhdistyvät Tampere
76%
2015 Ennätyksellinen määrä pakolaisia hakee turvapaikkaa Suomesta, eniten tästä valtiosta Irak
70%
2007 Yhdeksän kuolee ja 12 loukkaantuu ammunnassa tässä koulussa Jokelan koulukeskus
65%
2010 Tämä artisti julkaisee "Helsinki - Shangri-La" -kappaleensa Paleface
55%
2013 Nokia myydään tälle suuryritykselle Microsoft
47%
2003 Tämä pääministeri toteaa "puhuvansa niin totta kuin osaa" asiakirjavuotoon liittyen Anneli Jäätteenmäki
41%
2004 Konginkankaalla, tässä Keski-Suomen kunnassa, tapahtuu Suomen vakavin tieliikenneonnettomuus Äänekoski
37%
2002 Tämä Oscar-ehdokkuuden saanut Aki Kaurismäen elokuva julkaistaan Mies vailla menneisyyttä
24%
Ehtoja vastaavia visoja ei löytynyt
Tulosjakauma
Jokaisen tuloksen saaneiden osuus
Persentiili vastausten määrän mukaan
Tuloshistoriasi
Et ole pelannut tätä visaa